Random English facts - Statistics

General Stats
  • This quiz has been taken 14 times
  • The average score is 4 of 15
Answer Stats
Questions Answer % Correct
Englands capital city. London
100%
Englands biggest city. London
100%
The most celebrated holiday in England. Christmas
64%
The amount of counties in England. 48
36%
How many countries does England own? 54
27%
How many kings and queens had England had? 61
18%
Who was the last ruler? King George VI
18%
The county Shakespere was born in. Warwickshire
18%
2022 prime minister. Boris Jhonson
9%
The old border between England and Wales. Malvern Hills
9%
2022 queen. Queen Elizebeth II
9%
Amount of total wars. 120 wars
0%
England population, 55.98 Million
0%
When did England gain independance? 927 AD
0%
The name of the first English king/queen. Athelstan
0%
No matching quizzes found
Score Distribution
Percent of People with Each Score
Percentile by Number Answered
Your Score History
You have not taken this quiz